[Event "New York Spring IM-D"]
[Site "New York"]
[Date "2022.04.17"]
[Round "6"]
[White "Savanovic, Aleksandar"]
[Black "Jacobson, Aaron"]
[Result "0-1"]
[WhiteElo "2387"]
[BlackElo "2263"]
[PlyCount "66"]
[EventDate "2022.04.14"]
[EventType "tourn"]
[EventRounds "9"]
[EventCountry "USA"]
[SourceTitle "CBM 207 Extra"]
[Source "ChessBase"]
[SourceDate "2022.05.31"]
[SourceVersion "1"]
[SourceVersionDate "2022.05.31"]
[SourceQuality "1"]

1. e4 e6 2. d4 d5 3. Nc3 Bb4 4. e5 c5 5. a3 Bxc3+ 6. bxc3 Ne7 7. Qg4 Qc7 8. Qxg7 Rg8 9. Qxh7 cxd4 10. Kd1 dxc3 11. Nf3 Nbc6 12. Ng5 Qxe5 13. Qxf7+ Kd7 14. f4 Qd4+ 15. Bd3 Kc7 16. Nxe6+ Bxe6 17. Qxe6 Rxg2 18. Be3 Qg7 19. Bc5 Rh8 20. Re1 Rh4 21. Qe3 d4 22. Qe4 Rg1 23. Bxe7 Qg4+ 24. Be2 Rxe1+ 25. Kxe1 Qg1+ 26. Bf1 Rxh2 27. Qf3 Nxe7 28. Rb1 Nc6 29. f5 Qg5 30. Be2 Qh4+ 31. Kd1 Rh3 32. Qg2 Rg3 33. Qf1 Qg5 0-1

[Event "New York Spring IM-D"]
[Site "New York"]
[Date "2022.04.16"]
[Round "4"]
[White "Savanovic, Aleksandar"]
[Black "Cervantes Landeiro, Thalia"]
[Result "1-0"]
[WhiteElo "2387"]
[BlackElo "2206"]
[PlyCount "73"]
[EventDate "2022.04.14"]
[EventType "tourn"]
[EventRounds "9"]
[EventCountry "USA"]
[SourceTitle "CBM 207 Extra"]
[Source "ChessBase"]
[SourceDate "2022.05.31"]
[SourceVersion "1"]
[SourceVersionDate "2022.05.31"]
[SourceQuality "1"]

1. e4 e5 2. Nf3 Nc6 3. Bb5 Nf6 4. 0-0 Nxe4 5. d4 Nd6 6. Bxc6 dxc6 7. dxe5 Nf5 8. Qxd8+ Kxd8 9. h3 h5 10. Nc3 Ke8 11. Bf4 Be6 12. Rad1 Be7 13. Ng5 Rh6 14. Rfe1 Bb4 15. a3 Bxc3 16. bxc3 Rd8 17. Rxd8+ Kxd8 18. g4 hxg4 19. hxg4 Ne7 20. Nxf7+ Bxf7 21. Bxh6 gxh6 22. f4 Nd5 23. f5 Ke7 24. Kf2 Nxc3 25. Rh1 Ne4+ 26. Ke3 h5 27. Rh4 Ng5 28. Kf4 Nh7 29. gxh5 b5 30. Rg4 a5 31. Rg7 Nf8 32. h6 Ke8 33. h7 Nxh7 34. Rxh7 b4 35. axb4 a4 36. e6 a3 37. exf7+ 1-0

[Event "New York Spring IM-D"]
[Site "New York"]
[Date "2022.04.15"]
[Round "3"]
[White "Espinosa, Pedro"]
[Black "Savanovic, Aleksandar"]
[Result "0-1"]
[WhiteElo "2129"]
[BlackElo "2387"]
[PlyCount "120"]
[EventDate "2022.04.14"]
[EventType "tourn"]
[EventRounds "9"]
[EventCountry "USA"]
[SourceTitle "CBM 207 Extra"]
[Source "ChessBase"]
[SourceDate "2022.05.31"]
[SourceVersion "1"]
[SourceVersionDate "2022.05.31"]
[SourceQuality "1"]

1. d4 Nf6 2. c4 e6 3. Nf3 Bb4+ 4. Bd2 c5 5. Bxb4 cxb4 6. a3 bxa3 7. Rxa3 0-0 8. Nc3 Nc6 9. e4 d6 10. Be2 e5 11. d5 Nb4 12. 0-0 Bg4 13. Ra4 a5 14. Ne1 Bd7 15. Ra3 Qb6 16. Nd3 Nxd3 17. Bxd3 Qc5 18. Qb3 b6 19. Ne2 Rfb8 20. Qc3 Ne8 21. Rb1 Nc7 22. b4 axb4 23. Rxb4 Na6 24. Rb1 Qc8 25. Rba1 Nc5 26. Bc2 g6 27. f3 Nb7 28. Rxa8 Rxa8 29. Rxa8 Qxa8 30. Kf2 Nc5 31. Nc1 Qa5 32. Qe1 Qa1 33. Qd2 Qa6 34. Qc3 Kf8 35. Nd3 Qa5 36. Qxa5 Nxd3+ 37. Ke3 bxa5 38. Kxd3 Ke7 39. Kc3 f5 40. Kb3 f4 41. Ka3 Kd8 42. Ba4 Bc8 43. Bb5 Kc7 44. c5 dxc5 45. Ka4 Kb6 46. d6 Be6 47. Be8 Bc4 48. d7 Kc7 49. Kxa5 Bf1 50. g3 g5 51. gxf4 gxf4 52. d8Q+ Kxd8 53. Bb5 Bg2 54. Kb6 Bxf3 55. Kxc5 Ke7 56. Kd5 Kf6 57. Bf1 h6 58. h3 Bh1 59. Kc4 Bxe4 60. Kc3 Kg5 0-1

[Event "New York Spring IM-D"]
[Site "New York"]
[Date "2022.04.14"]
[Round "1"]
[White "Savanovic, Aleksandar"]
[Black "Wang, Eigen"]
[Result "0-1"]
[WhiteElo "2387"]
[BlackElo "2242"]
[PlyCount "56"]
[EventDate "2022.04.14"]
[EventType "tourn"]
[EventRounds "9"]
[EventCountry "USA"]
[SourceTitle "CBM 207 Extra"]
[Source "ChessBase"]
[SourceDate "2022.05.31"]
[SourceVersion "1"]
[SourceVersionDate "2022.05.31"]
[SourceQuality "1"]

1. e4 e6 2. d4 d5 3. Nc3 Nf6 4. e5 Nfd7 5. f4 c5 6. Nf3 Nc6 7. Be3 cxd4 8. Nxd4 Bc5 9. Qd2 0-0 10. Be2 Qe7 11. 0-0 f6 12. exf6 Nxf6 13. Kh1 Bb4 14. Bd3 e5 15. Nxc6 bxc6 16. fxe5 Qxe5 17. Bd4 Qh5 18. Bxf6 Bd6 19. g4 Bxg4 20. Bd4 Rf3 21. Bg1 Raf8 22. Rae1 Bg3 23. Bc5 Bxe1 24. Rxe1 Rxd3 25. cxd3 Bf3+ 26. Kg1 Qg4+ 27. Kf2 Qg2+ 28. Ke3 Qg5+ 0-1